1940 1625 1144 1103 1530 1236 1342 1762 1869 1504 1601 1780 1995 1580 1137 1205 1513 1561 1513 1809 1574 1379 1732 1749 1455 1583 1682 1790 1570 1215 1408 1784 1251 1579 1008 1807 1433 1500 1325 1766 1500 1837 1711 1858 1997 1989 1494 1326 1117 1509 1293 1710 1501 1891 1457 1607 1004 1139 1070 1998 1069 1471 1759 1308 1703 1002 1133 1722 1922 1461 1269 1336 1512 1990 1471 1648 1974 1103 1916 1608 1230 1614 1322 1999 1949 1624 1528 1492 1435 1622 1469 1447 1389 1173 1963 1924 1391 1556 1874 BCNSPRNW ULIB Ver.6.0+V

เปลี่ยนเป็นภาษาไทย

Change to English
 แสดงรายละเอียดบรรณานุกรม
  กลับหน้าหลัก

Brief Record : Get Marc (ISO 2709) : E-mail record : QR code < ปิดหน้าต่าง
LEADER : 00000nas 2200000uu 4500
001    13399113860
003     ULIB
008    020711s|||| th a 000 0 tha d
022    ^a0858110X
110    ^aวิทยาลัยพยาบาลพระปกเกล้า จันทบุรี
245    ^aวารสารวิทยาลัยพยาบาลพระปกเกล้า จันทบุรี
260    ^aจันทบุรี :^bวารสารวิทยาลัยพยาบาลพระปกเกล้า จันทบุรี,^cม.ป.ป.
310    ^aราย 6 เดือน
850    ^aฉบับที่ 2 ปีที่ 22;ฉบับที่ 1 ปีที่ 23
945    ^p0^l0^i900059
945    ^p0^l0^i900513
999 ^a ทศพร
รายการนี้ยังไม่มีแท็ก
คุณยังไม่ได้ล็อกอิน คุณสามารถมีกิจกรรมร่วมกับเว็บไซต์ได้ แต่ต้องล็อกอินก่อน ::
  ล็อกอิน

รายการสื่อสารสนเทศ (วารสาร)

ดูแบบ: กล่อง รายการ
ARRIVED
ฉบับที่ 2 ปีที่ 22
สถานที่: ห้องสมุดวิทยาเขตสวรรค์ประชารักษ์ >วารสาร
ARRIVED
ฉบับที่ 1 ปีที่ 23
สถานที่: ห้องสมุดวิทยาเขตสวรรค์ประชารักษ์ >วารสาร
รายการใกล้เคียง
    ผู้แต่ง []

BibComment


ยังไม่เคยถูกคอมเมนท์

คอมเมนท์ทรัพยากรรายการนี้
  คอมเมนท์: วารสารวิทยาลัยพย..


 Copyright 2026. Bcnsprnw @Library